Polítca monetaria (Record no. 63229)

MARC details
000 -LEADER
campo de control de longitud fija 00635nam a2200181 i 4500
001 - NÚMERO DE CONTROL
campo de control 63229
003 - IDENTIFICADOR DE NÚMERO DE CONTROL
campo de control ES-MaACL
005 - FECHA Y HORA DE LA ÚLTIMA TRANSACCIÓN
campo de control 20230906164818.0
007 - CAMPO FIJO DE DESCRIPCIÓN FÍSICA--INFORMACIÓN GENERAL
campo de control de longitud fija t|
008 - DATOS DE LONGITUD FIJA--INFORMACIÓN GENERAL
campo de control de longitud fija 031203s1966 sp ||||1| spa d
100 1# - ENTRADA PRINCIPAL--NOMBRE DE PERSONA
Nombre de persona Ferrari, Alberto.
9 (RLIN) 50302
245 10 - MENCIÓN DEL TÍTULO
Título Polítca monetaria
Resto del título : evolución y aspectos actuales /
Mención de responsabilidad, etc. Alberto Ferrari ; prólogo de Emilio de Figueroa ; traducción de Manuel Sánchez Ayuso.
260 ## - PUBLICACIÓN, DISTRIBUCIÓN, ETC.
Lugar de publicación, distribución, etc. Madrid :
Nombre del editor, distribuidor, etc. Revista de Derecho Privado,
Fecha de publicación, distribución, etc. 1966.
300 ## - DESCRIPCIÓN FÍSICA
Extensión XXXII, 397 p. ;
Dimensiones 23 cm.
700 1# - ENTRADA AGREGADA--NOMBRE PERSONAL
Nombre de persona Figueroa, Emilio de.
9 (RLIN) 50780
700 1# - ENTRADA AGREGADA--NOMBRE PERSONAL
Nombre de persona Sánchez Ayuso, Manuel.
9 (RLIN) 102475
852 ## - LOCALIZACIÓN
Ubicación ES-MaACL
Número de control de estantería C-29339
Sublocalización o colección R.59563
Holdings
Estatus retirado Estado de pérdida Estado de daño No para préstamo Biblioteca de origen Biblioteca actual Ubicación en estantería Fecha de adquisición Fuente de adquisición Total de préstamos Signatura topográfica completa Código de barras Visto por última vez Precio de reemplazo Tipo de ítem Koha
        Biblioteca del Ateneo de Madrid Biblioteca del Ateneo de Madrid Depósito 2 17/01/2008     C-29339 1066280 23/02/2023 23/02/2023 Libro impreso